The elements of statistical learning : data mining, inference, and prediction : with 200 full-color illustrations /

Guardado en:
Autor Principal: Hastie, Trevor.
Otros Autores: Tibshirani, Robert., Friedman, J. H.
Formato: Libro
Idioma:English
Publicado: New York : Springer, c2001.
Series:Springer series in statistics
Materias:
Etiquetas: Agregar Etiqueta
Sin Etiquetas, Sea el primero en etiquetar este registro!
LEADER 00926cam a22002414a 4500
001 MAT.inmabb004016
008 010412s2001####nyua#####b####001#0#eng##
005 20151117171826.0
245 1 4 |a The elements of statistical learning :  |b data mining, inference, and prediction : with 200 full-color illustrations /  |c Trevor Hastie, Robert Tibshirani, Jerome Friedman. 
260 |a New York :  |b Springer,  |c c2001. 
300 |a xvi, 533 p. :  |b col. il. ;  |c 25 cm. 
440 0 |a Springer series in statistics 
504 |a Incluye referencias bibliográficas (p. [509]-522) e índices. 
510 4 |a MR,  |c 2002k:62048 
020 |a 0387952845 
100 1 |a Hastie, Trevor. 
700 1 |a Tibshirani, Robert. 
700 1 |a Friedman, J. H.  |q (Jerome H.) 
650 0 |a Supervised learning (Machine learning) 
084 |a 62Gxx (62H30 68T05)  |2 msc2000 
010 |a  2001031433 
040 |a DLC  |c DLC  |d DLC 
859 |h 62  |i H356e  |p A-8405  |b BIB. MATEMATICA